000 01396cam a22003737a 4500
003 CHAP
005 20220329142544.0
008 010926d mx r 00110 eng d
010 _a84844
011 _a85816
035 _a96352
040 _cCHAP
090 _aFolleto 16362
100 0 0 _aHassan, Rashid M.
_953042
245 1 0 _aMaize breeding research in eastern and southern Africa :
_bcurrent status and impacts of past investments made by the public and private sectors, 1966-97
_c/by Rashid M. Hassan, Mulugetta Mekuria and Wilfred Mwangi
260 _aMéxico, D.F. :
_bCentro Internacional de Mejoramiento de Maíz y Trigo,
_c2001.
300 _a34 p.
590 _aBATCH-UPD
_b10
_c20130110
_lUCH01
_h0222
590 _aBATCH-UPD
_b10
_c20130110
_lUCH01
_h1723
590 _aBATCH-UPD
_b10
_c20130409
_lUCH01
_h2243
590 _aBATCH-UPD
_b10
_c20130914
_lUCH01
_h1711
590 _aCONVERSION
_b10
_c20130109
_lUCH01
_h1347
650 1 4 _aMaíz
_xGermoplasma.
_970966
650 1 4 _aMaíz
_xMejoramiento.
_971006
650 1 4 _aMaíz
_xSemilla.
_971059
650 1 4 _aMaíz
_zAfrica.
_971089
700 0 _aMekuria, Mulugetta.
_974299
700 0 _aMwangi, Wilfred.
_979920
901 _aBK
905 _aAlejandra Carrasco M.
942 _cFOLL
949 _aFolleto 16362
_bBC
_cFOLL
_d33724000994588
_eTS1
_i96352
_sb
949 _aFolleto 16362
_bBC
_cFOLL
_d33724000994646
_eTS2
_fc.2
_i96352
_sb
999 _c84844
_d84844